| 000 | 00644nam a2200229Ia 4500 | ||
|---|---|---|---|
| 003 | OSt | ||
| 005 | 20220926033933.0 | ||
| 006 | a|||||r|||| 00| 0 | ||
| 007 | ta | ||
| 008 | 220923b |||||||| |||| 00| 0 eng d | ||
| 037 | _cGeneral Book | ||
| 040 |
_aRTL _cRTL _beng |
||
| 041 |
_2eng _aeng |
||
| 082 | _aX9(D525).2.N74<N71r, L4 | ||
| 110 |
_aHINDUSTAN SHIPYARDS LTD _9339784 |
||
| 245 | 0 | _aAnnual report 1971-72. | |
| 260 |
_aVisakhapattnam _bHSL _c1974 |
||
| 300 |
_av.p. _ccm. |
||
| 700 |
_aHINDUSTAN SHIPYARDS LTD _9339785 |
||
| 942 |
_hX9(D525).2.N74<N71r, L4 _cGB _2CC |
||
| 999 |
_c658361 _d658361 |
||